LDR 00570naa#a2200169#i#450# 001 EN\\bibl\124882 005 20260604042218.4 011 ## _a2221-3260 100 ## _a20260331b2026####ek#y0engy0150####ca 102 ## _aRU 200 1# _aThe role of the secondary vocational education system in training personnel for creative industries _eJournal article 210 1# _aYaroslavl _cYaroslavl State Technical University _d2026 215 ## _a18 с. 608 ## _aJournal article _2local 700 #1 _aBerendeeva _gAlla Borisovna 700 #1 _aBerendeeva _gOlga Sergeevna 856 4# _atheoreticaleconomy.ru _u